| 000 | 00529nam a22001937a 4500 | ||
|---|---|---|---|
| 003 | CEME | ||
| 005 | 20210628210650.0 | ||
| 008 | 210211b xxu||||| |||| 00| 0 eng d | ||
| 020 | _a0-7494-2964-X | ||
| 040 | _c. | ||
| 082 | _a658.31 ARM | ||
| 100 |
_aArmstrong, Michael _974495 |
||
| 245 | _aA handbook of human resource management practice | ||
| 250 | _a7TH | ||
| 260 |
_aLONDON _bKOGAN PAGE _c2000 |
||
| 300 | _a935P | ||
| 650 |
_aHUMAN RESOURCE MANAGEMENT PRACTICE MANAGEMENT-HUMAN RESOURCES _980417 |
||
| 942 |
_cBK _2ddc |
||
| 999 |
_c585357 _d585357 |
||